| 000 | 00557nam a2200205Ia 4500 | ||
|---|---|---|---|
| 005 | 20250611155609.0 | ||
| 008 | 008 250516s9999 xx 000 0 eng d | ||
| 020 | _a9781032569024 | ||
| 040 |
_beng _cSDCL |
||
| 041 |
_aeng _2eng |
||
| 084 | _aX:89Q8:(B28) R5 | ||
| 100 |
_aOakland, John _9443036 |
||
| 245 | 0 | _aStatistical process control and data analytics | |
| 250 | _a8th ed. | ||
| 260 |
_aLondon : _bRoutledge, _c2025. |
||
| 300 | _axiv, 372p. | ||
| 650 | _aOperational Research | ||
| 700 |
_aOakland, Robert _9809745 |
||
| 942 |
_cTEXL _2CC |
||
| 999 |
_c1429830 _d1429830 |
||